[Event "SLO-chT2 West"]
[Site "Kranj"]
[Date "2005.10.16"]
[Round "5.6"]
[White "Mirkovic, Nikola"]
[Black "Sabic, Asim"]
[Result "1-0"]
[WhiteElo "1702"]
[BlackElo "1500"]
[PlyCount "69"]
[EventDate "2005.10.14"]
[EventType "team"]
[EventRounds "5"]
[EventCountry "SLO"]
[SourceTitle "EXT 2009"]
[Source "ChessBase"]
[SourceDate "2008.11.26"]
[SourceVersion "1"]
[SourceVersionDate "2008.11.26"]
[SourceQuality "1"]

1. d4 d5 2. Nf3 h6 3. e3 Bg4 4. Nbd2 Nd7 5. Bd3 e6 6. 0-0 Bd6 7. h3 Bxf3 8. Nxf3 c6 9. c3 Qc7 10. Re1 0-0-0 11. c4 dxc4 12. Bxc4 g5 13. e4 Be7 14. Bd3 f6 15. Be3 h5 16. e5 g4 17. Nh4 Nf8 18. hxg4 hxg4 19. Qxg4 f5 20. Qg7 Rxh4 21. Qxg8 Nd7 22. Qxe6 Bb4 23. Bg5 Bxe1 24. Bxh4 Rh8 25. Rxe1 Rxh4 26. Bxf5 Rxd4 27. Qe8+ Qd8 28. Bxd7+ Rxd7 29. Qe6 Kb8 30. Qf6 Qxf6 31. exf6 Rf7 32. Re6 Kc8 33. f4 Kd7 34. f5 c5 35. Kf2 1-0